MARC

LEADER 00000nam0a2200000 4500
001 358456
005 20231102011108.0
035 |a (RuTPU)RU\TPU\retro\15724 
090 |a 358456 
100 |a 20200818d1973 km y0rusy50 ca 
101 1 |a fre  |c rus 
102 |a RU 
105 |a a z 001zy 
200 1 |a Релятивистская квантовая теория  |d Theorie Quantique Relativiste   |f Е. М. Лифшиц (Лившиц), Л. Питаевский 
210 |a Москва  |c Мир  |d 1973 
215 |a 288 с.  |c ил. 
225 1 |a Теоретическая физика  |v Т. 4. Ч. 2 
300 |a Книга на французском языке 
320 |a Index: с. 282-283 
510 1 |a Theorie Quantique Relativiste  |z fre 
606 1 |a Квантовая механика, релятивистская  |2 stltpush  |3 (RuTPU)RU\TPU\subj\70443  |9 84704 
610 1 |a квантовая теория 
610 1 |a релятивизм 
610 1 |a принципы 
610 1 |a слабые взаимодействия 
610 1 |a сильные взаимодействия 
610 1 |a формулы 
610 1 |a адроны 
610 1 |a динамическая симметрия 
610 1 |a электроны 
610 1 |a рассеяние 
610 1 |a теоремы 
610 1 |a французский язык 
675 |a 530.145.6  |v 4 
700 1 |a Лифшиц (Лившиц)  |b Е. М.  |c российский физик  |f 1915-1985  |g Евгений Михайлович  |2 stltpush  |3 (RuTPU)RU\TPU\pers\23254  |9 10043 
701 1 |a Питаевский  |b Л. 
801 1 |a RU  |b 63413507  |c 20200818 
801 2 |a RU  |b 63413507  |c 20201116  |g RCR 
942 |c BK